000 00307 a2200157 4500
001 186707
020 _a85-86802-02-6
040 _cMagnum
100 _aFrança, Mary
240 1 0 _aA cabra
_lpor
245 1 0 _aA cabra
300 _a16
362 0 _a1998
697 _aLITERATURA INFANTIL
942 _cBK
999 _c186707
_d186707